[Event "Barcelona Sant Marti op-A 5th"]
[Site "Barcelona"]
[Date "2016.01.21"]
[Round "2"]
[White "Ramirez Garcia, Jorge Alberto"]
[Black "Ribera Nebot, Joan"]
[Result "1-0"]
[WhiteElo "2220"]
[BlackElo "2070"]
[PlyCount "55"]
[EventDate "2016.01.14"]
[EventType "swiss"]
[EventRounds "9"]
[EventCountry "ESP"]
[SourceTitle "EXT 2017"]
[Source "ChessBase"]
[SourceDate "2016.10.25"]
[SourceVersion "1"]
[SourceVersionDate "2016.10.25"]
[SourceQuality "1"]

1. c4 Nf6 2. g3 g6 3. Bg2 Bg7 4. e4 d6 5. Ne2 0-0 6. 0-0 c5 7. d3 Nc6 8. Nbc3 e5 9. a3 Rb8 10. b4 b6 11. b5 Nd4 12. h3 Bd7 13. Ra2 Qc8 14. Kh2 a6 15. bxa6 Qxa6 16. f4 b5 17. fxe5 dxe5 18. Nxd4 cxd4 19. Nxb5 Bxb5 20. cxb5 Rxb5 21. Rff2 Rfb8 22. Bf1 Nd7 23. Qf3 f6 24. Rfc2 Rc5 25. Qg4 Rbc8 26. Rxc5 Rxc5 27. Qxd7 Rxc1 28. Qd5+ 1-0

[Event "Barcelona Ateneu Colon op 7th"]
[Site "Barcelona"]
[Date "2012.05.22"]
[Round "6"]
[White "Ribera Nebot, Joan"]
[Black "Romero Perera, Eugeni"]
[Result "0-1"]
[WhiteElo "2003"]
[BlackElo "2106"]
[PlyCount "60"]
[EventDate "2012.04.10"]
[EventType "swiss"]
[EventRounds "9"]
[EventCountry "ESP"]
[SourceTitle "CBM 148 Extra"]
[Source "ChessBase"]
[SourceDate "2012.06.22"]
[SourceVersion "1"]
[SourceVersionDate "2012.06.22"]
[SourceQuality "1"]

1. d4 e6 2. c4 f5 3. Nf3 Nf6 4. Nc3 c6 5. Bg5 d5 6. e3 Bd6 7. c5 Bc7 8. Ne5 Nbd7 9. f4 0-0 10. Be2 Qe8 11. Nxd7 Bxd7 12. 0-0 b6 13. b4 bxc5 14. bxc5 Ba5 15. Bxf6 gxf6 16. Bh5 Qe7 17. Ne2 e5 18. Rf3 Bc7 19. Rc1 Rab8 20. Rc3 Kh8 21. Rh3 Rg8 22. Qa4 Rb1+ 23. Kf2 exf4 24. Qc2 Qe4 25. Qxe4 fxe4 26. Rh4 fxe3+ 27. Rxe3 Ba5 28. Nf4 Bd2 29. Re2 e3+ 30. Kf3 Rf1+ 0-1

[Event "Barcelona Ateneu Colon op 7th"]
[Site "Barcelona"]
[Date "2012.05.15"]
[Round "5"]
[White "Leiro Giralt, Daniel"]
[Black "Ribera Nebot, Joan"]
[Result "1/2-1/2"]
[WhiteElo "2191"]
[BlackElo "2003"]
[PlyCount "80"]
[EventDate "2012.04.10"]
[EventType "swiss"]
[EventRounds "9"]
[EventCountry "ESP"]
[SourceTitle "CBM 148 Extra"]
[Source "ChessBase"]
[SourceDate "2012.06.22"]
[SourceVersion "1"]
[SourceVersionDate "2012.06.22"]
[SourceQuality "1"]

1. e4 e6 2. d4 d5 3. Nc3 Nf6 4. Bd3 Bb4 5. exd5 exd5 6. a3 Bd6 7. Nb5 Be7 8. Bf4 Na6 9. Ne2 0-0 10. 0-0 c6 11. Nbc3 Nc7 12. Ng3 Re8 13. Nf5 Bxf5 14. Bxf5 Bd6 15. Ne2 Ne6 16. Bxd6 Qxd6 17. c3 Re7 18. Ng3 Rae8 19. Bc2 g6 20. Re1 Qf4 21. h3 Qg5 22. Re5 Qh6 23. Qe1 Kf8 24. Qf1 Nd7 25. Re3 Nf4 26. Rxe7 Rxe7 27. Re1 Rxe1 28. Qxe1 Qg5 29. Qe3 h5 30. Qf3 Nf6 31. Nf1 Ne4 32. Kh2 f5 33. g3 Ne6 34. Ne3 Kg7 35. h4 Qd8 36. Qe2 Qd6 37. Ng2 a6 38. Qf3 Nd2 39. Qe2 Ne4 40. Qf3 Nd2 1/2-1/2

[Event "Barcelona Ateneu Colon op 6th"]
[Site "Barcelona"]
[Date "2011.06.21"]
[Round "9"]
[White "Riera Danes, Manel"]
[Black "Ribera Nebot, Joan"]
[Result "1-0"]
[WhiteElo "2026"]
[BlackElo "2023"]
[PlyCount "91"]
[EventDate "2011.04.26"]
[EventType "swiss"]
[EventRounds "9"]
[EventCountry "ESP"]
[SourceTitle "EXT 2012"]
[Source "ChessBase"]
[SourceDate "2011.11.24"]
[SourceVersion "1"]
[SourceVersionDate "2011.11.24"]
[SourceQuality "1"]

1. e4 d5 2. exd5 Qxd5 3. Nc3 Qa5 4. d4 c6 5. Nf3 Bf5 6. Bd3 e6 7. Ne5 Bxd3 8. Qxd3 Nf6 9. 0-0 Nbd7 10. f4 g6 11. Bd2 Qc7 12. Rae1 0-0-0 13. Qf3 Nb6 14. Ne2 h5 15. Ba5 c5 16. c4 Kb8 17. Nc3 Ng4 18. Nb5 Nxe5 19. fxe5 Qc6 20. Qxf7 cxd4 21. Qf6 Bh6 22. Nd6 d3 23. b4 d2 24. Rb1 Rhf8 25. Qe7 Rfe8 26. Nxe8 Rxe8 27. Qd6+ Qxd6 28. exd6 Be3+ 29. Kh1 Nd7 30. b5 b6 31. Bb4 Ne5 32. Rb3 Ng4 33. Rd3 Nf2+ 34. Rxf2 Bxf2 35. d7 Rd8 36. Bd6+ Kb7 37. Be7 Kc7 38. Bxd8+ Kxd8 39. Rxd2 Bc5 40. g3 e5 41. Rd5 e4 42. Kg2 Be3 43. Kf1 g5 44. h3 h4 45. gxh4 gxh4 46. Rh5 1-0

[Event "Barcelona Ateneu Colon op 6th"]
[Site "Barcelona"]
[Date "2011.06.07"]
[Round "7"]
[White "Ribera Nebot, Joan"]
[Black "Porras Mateo, Felipe"]
[Result "1-0"]
[WhiteElo "2023"]
[BlackElo "2196"]
[PlyCount "77"]
[EventDate "2011.04.26"]
[EventType "swiss"]
[EventRounds "9"]
[EventCountry "ESP"]
[SourceTitle "EXT 2012"]
[Source "ChessBase"]
[SourceDate "2011.11.24"]
[SourceVersion "1"]
[SourceVersionDate "2011.11.24"]
[SourceQuality "1"]

1. c4 c6 2. Nc3 e5 3. Nf3 d6 4. d4 Nd7 5. g3 Ngf6 6. dxe5 Nxe5 7. Nxe5 dxe5 8. Qxd8+ Kxd8 9. Bg5 Bb4 10. Rc1 Kc7 11. Bg2 Be6 12. b3 h6 13. Bxf6 gxf6 14. 0-0 Ba3 15. Rc2 Rad8 16. Nd5+ Kb8 17. Nxf6 Be7 18. Ne4 f5 19. Nc3 h5 20. h4 a5 21. Bh3 Bc5 22. e4 Rd3 23. Kh2 Bb4 24. exf5 Bxf5 25. Bxf5 Rxc3 26. Re2 Bd6 27. Rd1 Kc7 28. Kg2 Rh6 29. Re3 Rxe3 30. fxe3 Rf6 31. e4 Kb6 32. Kf3 Kc5 33. g4 hxg4+ 34. Kxg4 Rf8 35. h5 Rh8 36. Bg6 Rf8 37. h6 Rf4+ 38. Kh5 Be7 39. Bf5 1-0

[Event "Barcelona Ateneu Colon op 6th"]
[Site "Barcelona"]
[Date "2011.05.24"]
[Round "5"]
[White "Ribera Nebot, Joan"]
[Black "Lorenzo de la Riva, Lazaro"]
[Result "0-1"]
[WhiteElo "2023"]
[BlackElo "2378"]
[PlyCount "66"]
[EventDate "2011.04.26"]
[EventType "swiss"]
[EventRounds "9"]
[EventCountry "ESP"]
[SourceTitle "EXT 2012"]
[Source "ChessBase"]
[SourceDate "2011.11.24"]
[SourceVersion "1"]
[SourceVersionDate "2011.11.24"]
[SourceQuality "1"]

1. c4 c5 2. Nc3 Nc6 3. Nf3 e5 4. g3 g6 5. Bg2 Bg7 6. 0-0 Nge7 7. d3 d6 8. e4 0-0 9. Nd5 Rb8 10. a3 a6 11. Rb1 b5 12. b3 h6 13. h3 Be6 14. Bd2 f5 15. Qc1 fxe4 16. dxe4 Kh7 17. Qc2 Qd7 18. Kh2 Rf7 19. Be3 Rbf8 20. Qe2 Rb8 21. Rfd1 Nd4 22. Bxd4 exd4 23. Nxe7 Rxe7 24. Ne1 bxc4 25. bxc4 Rxb1 26. Rxb1 Qa4 27. Bf1 Qxa3 28. Rb6 Rd7 29. Nd3 Qa5 30. Rb8 Qc7 31. Re8 Bf7 32. Ra8 Qb7 33. Qg4 h5 0-1

[Event "Vila de Poblenou op"]
[Site "Barcelona"]
[Date "2001.08.23"]
[Round "8.9"]
[White "Lacasa Diaz, Jose Antonio"]
[Black "Ribera Nebot, Joan"]
[Result "1-0"]
[WhiteElo "2314"]
[BlackElo "2127"]
[PlyCount "44"]
[EventDate "2001.08.16"]
[EventType "swiss"]
[EventRounds "9"]
[EventCountry "ESP"]
[SourceTitle "EXT 2002"]
[Source "ChessBase"]
[SourceDate "2001.11.25"]
[SourceVersion "1"]
[SourceVersionDate "2001.11.25"]
[SourceQuality "1"]

1. e4 e6 2. d4 d5 3. Nc3 Bb4 4. e5 Qd7 5. a3 Bf8 6. Nh3 b6 7. Nf4 Ne7 8. Nh5 Ba6 9. Bxa6 Nxa6 10. 0-0 c5 11. Ne2 Nc6 12. c3 c4 13. Bg5 h6 14. Bh4 Ne7 15. Bxe7 Kxe7 16. f4 g6 17. Nf6 Qc6 18. g4 Bg7 19. f5 gxf5 20. gxf5 Bxf6 21. exf6+ Kd7 22. fxe6+ Qxe6 1-0

[Event "Sant Boi op-A"]
[Site "Sant Boi de Llobregat"]
[Date "2000.06.09"]
[Round "5"]
[White "Jose Abril, Ramon"]
[Black "Ribera Nebot, Joan"]
[Result "1-0"]
[WhiteElo "2387"]
[BlackElo "2135"]
[PlyCount "44"]
[EventDate "2000.05.12"]
[EventType "swiss"]
[EventRounds "7"]
[EventCountry "ESP"]
[SourceTitle "EXT 2003"]
[Source "ChessBase"]
[SourceDate "2002.11.25"]
[SourceVersion "1"]
[SourceVersionDate "2002.11.25"]
[SourceQuality "1"]

1. d4 Nf6 2. Nf3 e6 3. e3 b6 4. Bd3 Bb7 5. 0-0 Be7 6. c4 0-0 7. Nc3 d5 8. b3 Nbd7 9. Bb2 c5 10. Qe2 Re8 11. Rfd1 Ne4 12. Rac1 Rc8 13. Ne5 Nxe5 14. dxe5 Nxc3 15. Bxc3 Qc7 16. cxd5 Bxd5 17. Qh5 h6 18. Qg4 Bc6 19. Bc2 Rcd8 20. Rd6 Rd7 21. Rxe6 Rd5 22. Rxh6 Qc8 1-0

[Event "Sant Boi op"]
[Site "Sant Boi de Llobregat"]
[Date "1998.??.??"]
[Round "6"]
[White "Ribera Nebot, Joan"]
[Black "Avila Jimenez, Xavier"]
[Result "1-0"]
[WhiteElo "2225"]
[BlackElo "2295"]
[PlyCount "57"]
[EventDate "1998.??.??"]
[EventType "swiss"]
[EventRounds "8"]
[EventCountry "ESP"]
[SourceTitle "EXT 2003"]
[Source "ChessBase"]
[SourceDate "2002.11.25"]
[SourceVersion "1"]
[SourceVersionDate "2002.11.25"]
[SourceQuality "1"]

1. d4 d5 2. Nf3 Nf6 3. c4 c6 4. Nc3 dxc4 5. e4 b5 6. g3 b4 7. Ne2 Nxe4 8. Bg2 Nd6 9. Ne5 Qb6 10. 0-0 f6 11. Be3 Qc7 12. Nf4 fxe5 13. dxe5 Nf7 14. e6 Nd6 15. Qh5+ Kd8 16. Rad1 Na6 17. Ng6 Rg8 18. Ne5 Bxe6 19. Nxc6+ Kc8 20. Rxd6 g6 21. Qb5 exd6 22. Qxa6+ Kd7 23. Ne5+ dxe5 24. Bxa8 Bd6 25. Bg2 Ke7 26. Rd1 Bc5 27. Qb7 Bd6 28. Bg5+ Ke8 29. Qc6+ 1-0

[Event "Sant Boi op"]
[Site "Sant Boi de Llobregat"]
[Date "1998.??.??"]
[Round "1"]
[White "Vega Rangel, Lluis"]
[Black "Ribera Nebot, Joan"]
[Result "0-1"]
[WhiteElo "2225"]
[BlackElo "2225"]
[PlyCount "54"]
[EventDate "1998.??.??"]
[EventType "swiss"]
[EventRounds "8"]
[EventCountry "ESP"]
[SourceTitle "EXT 2003"]
[Source "ChessBase"]
[SourceDate "2002.11.25"]
[SourceVersion "1"]
[SourceVersionDate "2002.11.25"]
[SourceQuality "1"]

1. d4 Nf6 2. Nf3 e6 3. g3 b6 4. Bg2 Bb7 5. 0-0 d5 6. Bg5 Nbd7 7. Nbd2 Be7 8. Rc1 0-0 9. c4 c5 10. cxd5 exd5 11. dxc5 bxc5 12. e3 Ne4 13. Bxe7 Qxe7 14. Nb3 Ndf6 15. Na5 Ba6 16. Re1 Rac8 17. Qa4 Ng4 18. Nc6 Qb7 19. Ne7+ Qxe7 20. Qxa6 Ngxf2 21. b4 c4 22. Nd4 Nd3 23. a3 Nxc1 24. Rxc1 Nxg3 25. Re1 Ne4 26. Nf5 Qg5 27. Nd4 Rcd8 0-1

[Event "Sant Boi op"]
[Site "Sant Boi de Llobregat"]
[Date "1996.??.??"]
[Round "?"]
[White "Catalan Escale, Enrique"]
[Black "Ribera Nebot, Joan"]
[Result "1-0"]
[WhiteElo "2235"]
[BlackElo "2160"]
[PlyCount "81"]
[EventDate "1996.??.??"]
[EventType "swiss"]
[EventRounds "9"]
[EventCountry "ESP"]
[SourceTitle "EXT 2003"]
[Source "ChessBase"]
[SourceDate "2002.11.25"]
[SourceVersion "1"]
[SourceVersionDate "2002.11.25"]
[SourceQuality "1"]

1. e4 e6 2. d4 d5 3. e5 c5 4. c3 Nc6 5. Nf3 Qb6 6. a3 c4 7. Nbd2 Nge7 8. Bxc4 dxc4 9. Nxc4 Qa6 10. Nd6+ Kd7 11. Nxf7 Rg8 12. N7g5 h6 13. Ne4 Nd5 14. b3 b5 15. 0-0 Bb7 16. a4 b4 17. c4 Nc3 18. Nxc3 bxc3 19. d5 Nb4 20. dxe6+ Kxe6 21. Nd4+ Ke7 22. Ba3 Ke8 23. Bxb4 Qg6 24. f3 Bxb4 25. Nb5 c2 26. Nc7+ Kf8 27. Qd7 Be7 28. Nxa8 Bxa8 29. Qxa7 Kf7 30. e6+ Qxe6 31. Rfe1 Qf6 32. Rac1 Re8 33. Rxc2 Kg6 34. Rce2 Kf7 35. b4 Qd6 36. c5 Qd4+ 37. Kh1 Qf6 38. b5 Bd5 39. Qd7 Bc4 40. Re3 Qg5 41. Re5 1-0